00771cam a22001931i 4500082001700000100003100017245009500048260004900143300003300192490009600225526003700321650001300358650003100371650002000402700002700422942001200449999001900461952009700480 a624.151bCED1 aCedergren, Harry R.94243510aSoil engineering and asphalt pavement design /cby Harry R. Cedergren [and] W.R. Lovering. aBerkeley :bUniversity of California,c1968. avi, 156 p. :bill. ;c28 cm.0 aUniversity of California. Institute of Transportation and Traffic Engineering. Course notes a0b0c0d624_151000000000000_CED 0aMCE9379 0aPavements, Asphalt.921213 0aSoil mechanics.1 aLovering, W. R.942436 2ddccBK c546325d546325 00102ddc4070aMCEbMCEd2014-06-09l0o624.151 CEDpMCE-42955r2014-06-09w2014-06-09yBK